000 00373nam a2200145Ia 4500
008 230711s9999||||xx |||||||||||||| ||und||
041 _aENG
082 _a621.317
_bBE-T
100 _aBerde,MS
245 0 _aThyristor engineering( power electronics )
250 _a9th Ed.
260 _c2001
_aNew Delhi
_bKhanna Publishers
650 _aElectrical Engineering
942 _cBK
999 _c4444
_d4444